00887nam a2200193 a 450000100100000000500170001000800410002704000250006808200150009310000320010824500840014026000510022430000200027559000260029595201130032195201180043495201240055299900170067600002286320200930021837.0101119s1986 ru r 000 0 spa d aDO-SdBNPbspacBNPHU axxxxbxxxx1 aJachaturov, Karén.94699110aAmérica Latina y la estrategia global del imperialismo /cKarén Jachaturov. aMoscú :bAgencia de Prensa Nóvosti,c1986. a99 p. ;c16 cm. aInventariado, 2019/BT 001050718MOaGRbGRcHDd2010-11-19iLF1l0oxxxx xxxxp22863-10r2020-06-25w2020-06-25y1ZNo se presta 001150718MOaGRbGRcMId2010-11-19iLF1l0oxxxx xxxxp22863-20r2020-06-25te.2w2020-06-25y1ZNo se presta 001154708MOaGRbGRcMId2017-04-20iLF1l0oxxxx xxxxp22863-30r2020-06-25te.3w2020-06-25y4ZPréstamo en sala c22360d22360